Responses for Show #1536 - Monday, April 15, 1991

Contestants

[<< previous game]

Jonathan Brandt, an actor originally from Stirling, New Jersey

Kelly Wiessner, an editor originally from Fanwood, New Jersey

Burt Albert, a lawyer from Salem, Virginia (whose 2-day cash winnings total $17,001)

[next game >>]

Jeopardy! Round responses

"I" IN SCIENCE
ROCK LYRICS
FAIRIES & FOLKLORE
WORLD FACTS
LIBRARIES
SAY CHEESE
    $100 16
ion

Jonathan
    $100 2
Eleanor Rigby

Jonathan
    $100 19
Ireland

Burt
    $100 7
China

Kelly
    $100 1
Library of Congress

Jonathan
    $100 22
cheddar

Kelly
    $200 17
implosion

Jonathan
    $200 3
downtown

Kelly
    $200 27
sandman

Burt
    $200 8
Galápagos

Kelly
    $200 12
New York Public Library

Jonathan
    $200 23
...
(Alex: We have a minute to go.)

brick cheese

Triple Stumper
    $300 18
inorganic

Kelly
    $300 4
Charlie Brown

Kelly
    $300 28
Hawaii

Triple Stumper
    $300 9
(Kelly: What is Antwerp?)
(Burt: What is Brussels?)

Bruges

BurtKelly
Triple Stumper
    $300 13
Princeton

Burt
    $300 24
Roquefort

Kelly
    $400 20
isometric

Triple Stumper
    $400 5
maneater

Jonathan
    $400 29
(Jonathan: What is a sugar plum fairy?)
...
[The end-of-round signal sounds.]

brownie

Jonathan
Triple Stumper
    $400 10
Windsor

Jonathan
    $400 14
Delaware

Kelly
    $400 25
Gouda

Kelly
    $500 21
infantile paralysis

Jonathan
    $600 6
"Stand By Me"

Jonathan
    $500 11
Alberta

Burt
    $500 15
Nixon

Burt
    $500 26
fromage

Jonathan

Scores at the first commercial break (after clue 13):

Burt Kelly Jonathan
$500 $500 $1,800

Scores at the end of the Jeopardy! Round:

Burt Kelly Jonathan
$1,300 $2,000 $2,700

Double Jeopardy! Round responses

HISTORY
7-LETTER WORDS
AUTHORS
STATE CAPITALS
THEATRE
THE BILL OF RIGHTS
    $200 6
Devil's Island

Kelly
    $200 26
circuit

Jonathan
    $200 11
Monticello

Jonathan
    $200 1
Carson City

Jonathan
    $200 12
Second World War

Burt
    $200 21
trial

Jonathan
    $400 7
Reign of Terror

Burt
    $400 27
doorman

Jonathan
    $400 13
P.G. Wodehouse

Jonathan
    $400 2
Boston, Massachusetts

Jonathan
    $400 14
Hair

Jonathan
    $400 22
assemble

Jonathan
    $600 8
(Burt: What is Venezuela?)

Colombia

BurtJonathan
    $600 28
Maudlin

Kelly
    $600 16
Louis L'Amour

Burt
    $1,000 3
(Jonathan: What is [long pause] Salem, Oregon?)

Honolulu

Jonathan
    $600 15
Who's Afraid of Virginia Woolf?

Burt
    $600 23
John Adams

Kelly
    $800 9
(Burt: Who are the Moors?)

Phoenicians

BurtKelly
    $800 29
obverse

Jonathan
    $800 17
Thomas Wolfe

Burt
    $800 4
Topeka, (Kansas)

Burt
    $2,000 19
(Jonathan: Who is Edward Dumas?)

Alexandre Dumas

Jonathan
    $800 24
seizure

Jonathan
    $1000 10
(Kelly: Who is Wellington?)

Admiral Nelson

BurtKelly
    $1000 30
liturgy

Triple Stumper
    $1000 18
Barbara Cartland

Jonathan
    $1000 5
Santa Fe, New Mexico

Burt
    $1000 20
Molière

Burt
    $1000 25
Madison

Burt

Scores at the end of the Double Jeopardy! Round:

Burt Kelly Jonathan
$7,300 $3,200 $5,700

[wagering suggestions for these scores]

Final Jeopardy! Round responses

SPORTS
KellyWhat is the Paris-Dakkar Rally
$1,700
JonathanWhat is the Indy 500?
$5,699
BurtWhat is the Indy 500
$4,101
the Indianapolis 500

Final scores:

Burt Kelly Jonathan
$11,401 $1,500 $11,399
3-day champion: $28,402 3rd place: Cazal 951 & 955 sunglasses + Nintendo Entertainment System with games 2nd place: trip to the Cayman Islands

Game dynamics:

Coryat scores:

Burt Kelly Jonathan
$7,300 $3,200 $8,600
15 R,
3 W
13 R,
2 W
23 R
(including 1 DD),
3 W
(including 2 DDs)

Combined Coryat: $19,100

[game clues] [game scores] [suggest correction]

Game tape date: 1991-02-13
The J! Archive is created by fans, for fans. Scraping, republication, monetization, and malicious use prohibited; this site may use cookies and collect identifying information. See terms. The Jeopardy! game show and all elements thereof, including but not limited to copyright and trademark thereto, are the property of Jeopardy Productions, Inc. and are protected under law. This website is not affiliated with, sponsored by, or operated by Jeopardy Productions, Inc. Join the discussion at JBoard.tv.